000 00716nam a2200169 a 4500
008 120416s1979 ||||||||||||||||| || u
020 _a013674317X
050 _aQC 23 Sha
100 _aShapiro, Gilbert
245 1 0 _aPhysics without math: a descriptive introduction
260 _aEnglewood Cliffs, N.J.
_bFT Prentice-Hall
_c1979
300 _axv, 350p. : ill
350 _a0.00
650 0 _aPHYSICS
995 _aMAIN LIBRARY OPEN ACCESS
_D0.00
_e012151
_FCBU-MAIN LIBRARY (Kitwe)
_H2
_I24.95
_jQC 23 Sha
_UAVAILABLE
_y012151
_ZMain Library Open Access Collection
995 _aMAIN LIBRARY OPEN ACCESS
_D0.00
_e012155
_FCBU-MAIN LIBRARY (Kitwe)
_H1
_I24.95
_jQC 23 Sha
_UAVAILABLE
_y012155
_ZMain Library Open Access Collection
999 _c81915
_d81915